Άτλας της παγκόσμιας ιστορίας

Saved in:
Bibliographic Details
Other Authors: Barraclough, Geoffrey, 1908-1984 (Editor), Overy, R. J. (Editor)
Format: Book
Language:Greek
English
Published: [Αθήνα] : Η Καθημερινή, c2007.
Edition:2η έκδ. βασισμένη στην 6η έκδ. των Times Books /
Subjects:
Tags: Add Tag
No Tags, Be the first to tag this record!

MARC

LEADER 00000cam a2200000 i 4500
001 1/2233
008 091124s2007 gr | ||| |||| ||gre||
020 |a 9606709019 
035 |l 10105907 
040 |a GR-MyUa  |b gre  |e AACR2 
041 1 |a gre  |h eng 
082 7 |a 911   |2 (22) 
245 0 0 |a Άτλας της παγκόσμιας ιστορίας /   |c επιμέλεια Geoffrey Barraclough ; μετάφραση: Φωτεινή Γιοβάνογλου... [κ.ά.] ; επιμέλεια: Γιάννης Ανδρέου, Πέτρος Παπαπέτρος.  
250 |a 2η έκδ. βασισμένη στην 6η έκδ. των Times Books /   |b επιμέλεια 6ης έκδ. Richard Overy. 
260 |a [Αθήνα] :   |b Η Καθημερινή,   |c c2007. 
300 |a 416 σ. :   |b έγχρ. εικ., χάρτ. ;   |c 37 εκ. 
500 |3 Το παράρτημα Λέσβου διαθέτει την έκδοση του 1997. 
504 |a Βιβλιογραφία: σ. 352. Ευρετήριο. 
650 0 0 |a Historical geography  |x Maps. 
700 1 |a Barraclough, Geoffrey,   |d 1908-1984,  |e edt 
700 1 |a Overy, R. J.  |e edt 
852 |a INST  |b LESVOS  |e 20230922  |h 911 ΑΤΛ  |p 005100065006  |q 005100065006  |t BK  |y 0 
852 |a INST  |b SYROS  |e 20091124  |h 911 ΑΤΛ  |p 005500008061  |q 005500008061  |t REF  |y 23 
901 |a BIBL5-2009-3 
970 |a Κοντού  |b Παρασκευή  |z 24/11/2009